[Event "RUS-ch U14"]
[Site "Nizhnij Novgorod"]
[Date "1999.??.??"]
[Round "?"]
[White "Alekseev, Evgeny"]
[Black "Vitik, Vjacheslav"]
[Result "1-0"]
[WhiteElo "2300"]
[BlackElo "2204"]

1.e4 c6 2.d4 d5 3.Nc3 dxe4 4.Nxe4 Bf5 5.Ng3 Bg6 6.h4 h6 7.Nf3 Nd7 8.h5 Bh7
9.Bd3 Bxd3 10.Qxd3 e6 11.Bd2 Ngf6 12.Qe2 Be7 13.O-O-O O-O 14.Ne5 a5 15.f4 Re8
16.Nf1 Nb6 17.c4 a4 18.Bc3 Nc8 19.g4 Nd7 20.Nd2 Qc7 21.g5 hxg5 22.h6 g6 23.Nxg6 Bf6
24.Ne5 Nd6 25.Rdg1 Kf8 26.Ne4 Nxe4 27.Qxe4 Kg8 28.fxg5 Bxe5 29.dxe5 Nf8 30.h7+ Kh8
31.Qf4 f5 32.gxf6  1-0

[Event "RUS-ch U16"]
[Site "Serpukhov"]
[Date "1999.??.??"]
[Round "7"]
[White "Ishbulatov, Sagit"]
[Black "Alekseev, Evgeny"]
[Result "1/2-1/2"]
[WhiteElo "2252"]
[BlackElo "2300"]

1.d4 Nf6 2.c4 g6 3.Nc3 Bg7 4.e4 d6 5.f4 O-O 6.Nf3 c5 7.d5 e6 8.Be2 exd5 9.cxd5 Re8
10.e5 dxe5 11.fxe5 Ng4 12.Bg5 Qb6 13.O-O Nxe5 14.Nxe5 Rxe5 15.Bf4 Re8 16.Qd2 Bf5
17.Kh1 Nd7 18.d6 Ne5 19.Bg5 Kh8 20.Bb5 Re6 21.Rae1 f6 22.d7 Rd8 23.Bf4 a6
24.Ba4 Qa5 25.Qd5 Qc7 26.Ne4 b5 27.Nxc5 Rc6 28.Nxa6 Rxa6 29.Bxb5 Be6 30.Qd4 Rxa2
31.Rc1 Qb7 32.Bxe5 fxe5 33.Qh4 Qb8 34.Qe7 Bf5 35.Qe8+ Bf8 36.Qf7 Ra8 37.Bc6 Ra7
38.Bd5 Bg7 39.Rc8 Rxd7 40.Rxb8 Rxb8 41.Rxf5 Rxf7 42.Rxf7 Rxb2 43.Rb7 Rf2
44.Kg1 Rf6 45.g3 Bf8 46.Kg2 Bc5 47.Rb8+ Kg7 48.Rb7+ Kh6 49.Rb2 Bd4 50.Re2 Ra6
51.Ra2 Rb6 52.Be4 Kg5 53.Re2 Ra6 54.Bb7 Ra1 55.h3 Kf6 56.Be4 Ke6 57.Bb7 Kd6
58.Be4 Kc5 59.h4 Ra3 60.h5 gxh5 61.Bxh7 Be3 62.Bg6 Kd4 63.Rb2 Ra4 64.Be8 Rc4
65.Bxh5 e4 66.Bf7 Rc1 67.Rb4+ Ke5 68.Bg6 Bd4 69.Rb5+ Bc5 70.Rb2 Rg1+ 71.Kh2 Re1
72.Bh5 Kd4 73.Re2 Ra1 74.Bg6 e3 75.Kg2 Bb4 76.Bf5 Bd2 77.Bg6 Be1 78.Bf5 Bd2
79.Bg6 Be1 80.Kf3 Bf2 81.Rb2 Rg1 82.g4 Rg3+ 83.Kf4 Be1 84.Re2 Rg1 85.Kf3 Bg3
86.Ra2 Bf2 87.Re2 Be1 88.Bf5 Bd2 89.Bg6  1/2-1/2

[Event "Petroff Mem Open"]
[Site "St Petersburg RUS"]
[Date "2000.02.08"]
[Round "2"]
[White "Driamin,D"]
[Black "Alekseev,E"]
[Result "1/2-1/2"]
[WhiteElo "2230"]
[BlackElo "2475"]

1.c4 c5 2.Nc3 Nc6 3.Nf3 Nd4 4.e3 Nxf3+ 5.Qxf3 g6 6.d3 Bg7 7.Bd2 d6 8.Rb1 Nf6
9.h3 Rb8 10.g4 b6 11.Bg2 Bb7 12.e4 e6 13.Qg3 O-O 14.Bf4 Ne8 15.h4 f5 16.gxf5 gxf5
17.e5 Bxg2 18.Qxg2 Kh8 19.exd6 e5 20.Bg5 Qxd6 21.Qd5 Qxd5 22.Nxd5 h6 23.Bd2 Rf7
24.Ke2 Nc7 25.Nxc7 Rxc7 26.Rhg1 Kh7  1/2-1/2

[Event "Petroff Mem Open"]
[Site "St Petersburg RUS"]
[Date "2000.02.09"]
[Round "3"]
[White "Alekseev,E"]
[Black "Bezgodov,A"]
[Result "1/2-1/2"]
[WhiteElo "2475"]
[BlackElo "2576"]

1.e4 e5 2.Nf3 Nc6 3.Bc4 Bc5 4.c3 Nf6 5.d3 a6 6.O-O d6 7.Bb3 Ba7 8.Re1 O-O
9.h3 Ne7 10.Nbd2 Ng6 11.Nf1 Be6 12.Ng3 c6 13.d4 h6 14.Be3 Bxb3 15.Qxb3 Qc7
16.Rad1 Rfe8 17.Qc2 b5 18.dxe5 Nxe5  1/2-1/2

[Event "Petroff Mem Open"]
[Site "St Petersburg RUS"]
[Date "2000.02.10"]
[Round "4"]
[White "Feoktistov,A"]
[Black "Alekseev,E"]
[Result "1/2-1/2"]
[WhiteElo "2373"]
[BlackElo "2475"]

1.d4 Nf6 2.c4 g6 3.Nc3 Bg7 4.e4 d6 5.Be2 O-O 6.Bg5 c5 7.d5 h6 8.Be3 e6 9.dxe6 Bxe6
10.Nf3 Nc6 11.h3 Qb6 12.Rb1 Nd7 13.O-O Nd4 14.Bxd4 cxd4 15.Nb5 Ne5 16.Nbxd4 Bxc4
17.Nxe5 dxe5  1/2-1/2

[Event "Petroff Mem Open"]
[Site "St Petersburg RUS"]
[Date "2000.02.12"]
[Round "5"]
[White "Alekseev,E"]
[Black "Chepukaitis,G"]
[Result "1-0"]
[WhiteElo "2475"]
[BlackElo "2393"]

1.e4 e6 2.d4 d5 3.e5 c5 4.c3 Nc6 5.Nf3 Nge7 6.Na3 Nf5 7.Nc2 Bd7 8.Bd3 cxd4
9.Bxf5 exf5 10.Ncxd4 Be6 11.O-O Be7 12.Qd3 Qd7 13.Bg5 Bc5 14.Be3 Be7 15.Bg5 Bf8
16.Rad1 h6 17.Be3 Rc8 18.b3 Rd8 19.Nxe6 fxe6 20.c4 dxc4 21.Qe2 Qc8 22.Qxc4 Kf7
23.Rxd8 Qxd8 24.Qb5 Qc7 25.h3 Be7 26.Rc1 Rd8 27.Qc4 Qa5 28.a4 Rd5 29.Nd4 Nxd4
30.Bxd4 a6 31.Be3 g5 32.Qc8 f4 33.Ba7 Qd2 34.Rf1 f3 35.Qh8 Qd3 36.gxf3 Qxf3
37.Qxh6 Qf5 38.Qh5+ Qg6 39.Qxg6+ Kxg6 40.Rc1 Rd7 41.Bb8 Kf5 42.Rc3 Ke4 43.Kg2 Rd8
44.Bc7 Rd7 45.Kg3 Rd1 46.Kg4 Kd5 47.Bd6 Bd8 48.Rc5+ Ke4 49.Rc4+ Kd5 50.a5 Rg1+
51.Kf3 Rb1 52.Rc8 g4+ 53.Kxg4 Rg1+ 54.Kh5 Bxa5 55.Rc5+ Ke4 56.Rxa5 Kf5 57.Rc5 Rg8
58.Kh6 Rh8+ 59.Kg7 Rxh3 60.b4 Rh4 61.Rc7 b6 62.Ra7 a5 63.bxa5 bxa5 64.Rxa5 Rf4
65.Ra8 Rg4+ 66.Kf7 Rh4 67.Rf8  1-0

[Event "Petroff Mem Open"]
[Site "St Petersburg RUS"]
[Date "2000.02.13"]
[Round "6"]
[White "Ionov,S"]
[Black "Alekseev,E"]
[Result "0-1"]
[WhiteElo "2558"]
[BlackElo "2475"]

1.d4 Nf6 2.c4 g6 3.g3 Bg7 4.Bg2 O-O 5.Nc3 d6 6.Nf3 Nbd7 7.O-O e5 8.e4 a6
9.Re1 exd4 10.Nxd4 Ng4 11.h3 Qf6 12.Nf3 Nge5 13.Nxe5 Nxe5 14.Qe2 Be6 15.Nd5 Qd8
16.Bd2 b5 17.b3 bxc4 18.bxc4 c6 19.Ne3 Qb6 20.Rac1 Qd4 21.Bc3 Qc5 22.Red1 Rfd8
23.Kh1 Rab8 24.Bd4 Qa3 25.f4 c5 26.Bxe5 dxe5 27.f5 Bh6 28.fxe6 Qxe3 29.exf7+ Kxf7
30.Qxe3 Bxe3 31.Rxd8 Rxd8  0-1

[Event "73rd City-ch"]
[Site "St Petersburg RUS"]
[Date "2000.04.05"]
[Round "3"]
[White "Alekseev,E"]
[Black "Lugovoi,A"]
[Result "1/2-1/2"]
[WhiteElo "2475"]
[BlackElo "2515"]

1.e4 d6 2.d4 Nf6 3.Nc3 g6 4.Be3 Bg7 5.f3 O-O 6.Qd2 e5 7.O-O-O exd4 8.Bxd4 Nc6
9.Be3 Re8 10.Bh6 Bh8 11.h4 Re5 12.Nge2 b5 13.Nf4 Rc5 14.h5 b4 15.Ncd5 Nd4
16.Nxb4 Nxh5 17.Nxh5 a5 18.Bg7 Bxg7 19.Nxg7 axb4 20.Qxd4 b3 21.a3 Qg5+ 22.Rd2 Rxc2+
23.Kd1 Ra4 24.Qf2 Rxd2+ 25.Qxd2 Qxd2+ 26.Kxd2 Kxg7 27.Kc3 Be6 28.Bb5 Ra5
29.a4 h5 30.Kb4 Ra8 31.a5 c5+ 32.Ka4 Kf6 33.a6 Ke7 34.Ka5 Bd7 35.Rd1 Bxb5
36.Kxb5 c4 37.Kb6 Rb8+ 38.Kc6 Rc8+ 39.Kb7 Kd7 40.a7 Rc7+ 41.Kb6 Rc6+ 42.Kb5 Rc5+
43.Kb4 Rc8 44.e5 c3 45.bxc3 Ra8 46.Kxb3 Rxa7 47.Rxd6+ Ke7 48.c4 Ra5 49.f4 g5
50.g3 h4 51.gxh4 gxf4 52.Rf6 Rxe5 53.Rxf4 Ke6 54.Kb4 Re1 55.c5 Rb1+ 56.Kc4 f5
57.Rf2 Rh1 58.Re2+ Kf6 59.c6 Rxh4+ 60.Kd5 Rh1 61.c7 Rd1+ 62.Kc6 Rc1+ 63.Kd7 Rd1+
64.Kc8 Rc1 65.Re8 f4 66.Kd7 Kf5 67.c8=Q Rxc8 68.Rxc8 f3 69.Kd6 Ke4 70.Rf8  1/2-1/2

[Event "73rd City-ch"]
[Site "St Petersburg RUS"]
[Date "2000.04.06"]
[Round "4"]
[White "Aseev,K"]
[Black "Alekseev,E"]
[Result "0-1"]
[WhiteElo "2517"]
[BlackElo "2475"]

1.d4 Nf6 2.c4 g6 3.g3 Bg7 4.Bg2 O-O 5.Nc3 d6 6.Nf3 Nbd7 7.O-O e5 8.e4 a6
9.Re1 exd4 10.Nxd4 Ng4 11.Qxg4 Bxd4 12.Qe2 Bg7 13.Be3 Ne5 14.Rad1 Bg4 15.f3 Be6
16.c5 Bc4 17.Qc2 Qf6 18.f4 Ng4 19.e5 dxe5 20.Ne4 Qf5 21.Qxc4 Qh5 22.Bc1 Qxh2+
23.Kf1 Kh8 24.Rd3 f5 25.Nf2 Rae8 26.Bd2 g5 27.Bc3 h5 28.Nh3 h4 29.Nxg5 hxg3
30.Nf3 Qh5 31.Bxe5 Bxe5 32.fxe5 f4 33.Kg1 Ne3 34.Qe4 Re6 35.Qxb7 Nxg2 36.Kxg2 Rh6
37.Kf1 Qf5 38.Qe4 Rh1+  0-1

[Event "73rd City-ch"]
[Site "St Petersburg RUS"]
[Date "2000.04.10"]
[Round "8"]
[White "Ivanov,Se"]
[Black "Alekseev,E"]
[Result "1/2-1/2"]
[WhiteElo "2543"]
[BlackElo "2475"]

1.d4 d5 2.c4 e6 3.Nf3 c6 4.Bg5 Nf6 5.e3 Be7 6.Nc3 Nbd7 7.Bd3 h6 8.Bh4 O-O
9.O-O b6 10.Qe2 Bb7 11.Rfd1 Nh5 12.Bg3 Nxg3 13.hxg3 Nf6 14.Rac1 Re8 15.e4 dxe4
16.Nxe4 Qc7 17.c5 Rad8 18.a3 Nd7 19.b4 bxc5 20.Nxc5 Nxc5 21.bxc5 Bf6 22.Qe4 g6
23.Ne5 Bxe5 24.Qxe5 Qxe5 25.dxe5 Rd5 26.Be4 Rxe5 27.Rd4 f5 28.Rd7 Rxe4 29.Rxb7 Ra4
30.Rd1 Rxa3 31.Rdd7 Ra5 32.Rg7+ Kh8 33.Rh7+ Kg8 34.Rbg7+ Kf8 35.Rc7 Kg8 36.Rhg7+ Kh8
37.Rxg6 Rxc5 38.Rxh6+ Kg8 39.Rg6+ Kh8 40.Rxa7 Rd5 41.Kh2 Rd2 42.f4 e5 43.fxe5 Re2
44.Rxc6 R2xe5 45.Rh6+ Kg8 46.Rg6+ Kh8 47.Rgg7 R5e6 48.Rh7+ Kg8 49.Rag7+ Kf8
50.g4 Rh6+ 51.Kg3 Rxh7 52.Rxh7 Kg8 53.Ra7 fxg4  1/2-1/2

[Event "73rd City-ch"]
[Site "St Petersburg RUS"]
[Date "2000.04.12"]
[Round "10"]
[White "Solozhenkin,E"]
[Black "Alekseev,E"]
[Result "1-0"]
[WhiteElo "2528"]
[BlackElo "2475"]

1.d4 Nf6 2.c4 g6 3.Nc3 Bg7 4.e4 d6 5.f3 O-O 6.Bg5 c6 7.Nge2 a6 8.a4 a5 9.Nc1 Qb6
10.Qd2 Na6 11.Be2 e5 12.d5 Nb4 13.Bd1 c5 14.Nb5 Bd7 15.g4 Bxb5 16.axb5 Nd7
17.Ne2 f6 18.Be3 f5 19.gxf5 gxf5 20.exf5 e4 21.Nf4 Ne5 22.Rg1 Rxf5 23.Ne6 Nbd3+
24.Ke2 Rh5 25.Rxg7+ Kh8 26.Bg1 Nxf3 27.Qc3 Nde5 28.Kf2 Rf5 29.Kg2 Re8 30.Rg3 h5
31.Bxf3 exf3+ 32.Kf1 Re7 33.Bf2 Qa7 34.Rxa5 Qb8 35.b3 Qe8 36.Qa1 h4 37.Rh3 Qg6
38.Ra8+ Re8 39.Rxh4+ Kg8 40.Rxe8+ Qxe8 41.Rg4+ Kh8 42.Ng7 Qf7 43.Nxf5 Qxf5
44.Qa8+  1-0

[Event "White Nights Men"]
[Site "St Petersburg RUS"]
[Date "2000.06.29"]
[Round "6"]
[White "Alekseev,E"]
[Black "Bagirov,R"]
[Result "1-0"]
[WhiteElo "2475"]
[BlackElo "2481"]

1.e4 e6 2.d4 d5 3.e5 c5 4.c3 Nc6 5.Nf3 Bd7 6.a3 f6 7.Bd3 Qc7 8.O-O O-O-O
9.Re1 c4 10.Bc2 fxe5 11.Nxe5 Nxe5 12.dxe5 Bc5 13.Be3 Bxe3 14.Rxe3 Ne7 15.Nd2 Rdf8
16.Qg4 Rf7 17.Nf3 h6 18.Bg6 Nxg6 19.Qxg6 Rhf8 20.Rae1 Qc5 21.R1e2 b5 22.Nd4 Qe7
23.Rf3 Rxf3 24.Nxf3 Be8 25.Qg4 a6 26.Nd4 Kd7 27.f4 h5 28.Qg3 h4 29.Qg4 Rh8
30.Rf2 Bh5 31.Qh3 Bg6 32.f5 exf5 33.Qe3 Re8 34.e6+ Kd6 35.Rxf5 Rb8 36.Qe5+  1-0

[Event "White Nights Men"]
[Site "St Petersburg RUS"]
[Date "2000.07.01"]
[Round "8"]
[White "Alekseev,E"]
[Black "Polovodin,I"]
[Result "1-0"]
[WhiteElo "2475"]
[BlackElo "2434"]

1.e4 c5 2.Nf3 d6 3.d4 Nf6 4.dxc5 Nxe4 5.cxd6 Nxd6 6.Bf4 e6 7.Nc3 Nc6 8.Qd2 f6
9.O-O-O e5 10.Nb5 Nxb5 11.Qxd8+ Nxd8 12.Bxb5+ Nc6 13.Bxe5 fxe5 14.Nxe5 a6
15.Bxc6+ bxc6 16.Rhe1 Rg8 17.Nxc6+ Kf7 18.Rd8 g6 19.f4 g5 20.fxg5 Bc5 21.b4 Rxg5
22.bxc5 Rxc5 23.Re7+ Kf6 24.Rc7  1-0

[Event "Chigorin Mem"]
[Site "St Petersburg RUS"]
[Date "2000.10.31"]
[Round "1"]
[White "Alekseev,E"]
[Black "Markarov,A"]
[Result "1/2-1/2"]
[WhiteElo "2497"]
[BlackElo "2308"]

1.e4 c5 2.c3 d5 3.exd5 Qxd5 4.d4 Nc6 5.Nf3 cxd4 6.cxd4 e5 7.Nc3 Bb4 8.Bd2 Bxc3
9.Bxc3 e4 10.Ne5 Nxe5 11.dxe5 Ne7 12.Be2 O-O 13.O-O Bd7 14.Qc2 Bc6 15.Rfd1 Qe6
16.Rd6 Qf5 17.Bc4 Nc8 18.Rd2 Nb6 19.Bb3 Nd7 20.Bb4 Nxe5 21.Bxf8 Rxf8 22.Qc3 Qg5
23.Kh1 Ng4 24.Bd1 Nxh2 25.Kxh2 e3 26.fxe3 Qh4+ 27.Kg1 Qe1+  1/2-1/2

[Event "Chigorin Mem"]
[Site "St Petersburg RUS"]
[Date "2000.11.01"]
[Round "2"]
[White "Sinkevich,P"]
[Black "Alekseev,E"]
[Result "0-1"]
[WhiteElo "2312"]
[BlackElo "2497"]

1.e4 d5 2.exd5 Nf6 3.d4 Nxd5 4.Nf3 g6 5.c4 Nb6 6.h3 Bg7 7.Nc3 O-O 8.Be2 Nc6
9.Be3 e5 10.d5 Ne7 11.g4 f5 12.gxf5 Nxf5 13.Bg5 Qe8 14.Ne4 Nd4 15.Nfd2 Bf5
16.Rc1 Na4 17.Rb1 b6 18.f3 Nc5 19.Rc1 Qf7 20.Be3 Bxe4 21.Nxe4 Nxe4 22.fxe4 Qe7
23.h4 Bf6 24.Bf2 Qb4+ 25.Qd2 Qxd2+ 26.Kxd2 Bg5+ 27.Be3 Bxe3+ 28.Kxe3 Rf4
29.Bd1 Raf8 30.c5 b5 31.d6 c6 32.h5 Rf2 33.hxg6 hxg6 34.Rg1 Kg7 35.Bh5 Kh6
36.Bd1 Rxb2 37.Rh1+ Kg7 38.a4 b4 39.a5 Ra2 40.Rb1 Ra3+ 41.Kd2 Ne6 42.Rxb4 Nxc5
43.Bc2 Rd8 44.Rc1 Rxd6+ 45.Ke2 Rxa5 46.Bb1 Ne6 47.Rb7+ Kf6  0-1

[Event "Chigorin Mem"]
[Site "St Petersburg RUS"]
[Date "2000.11.02"]
[Round "3"]
[White "Alekseev,E"]
[Black "Kashtanov,R"]
[Result "1/2-1/2"]
[WhiteElo "2497"]
[BlackElo "2367"]

1.e4 e6 2.d4 d5 3.e5 c5 4.c3 Qb6 5.Nf3 Nc6 6.a3 Nh6 7.b4 cxd4 8.cxd4 Nf5
9.Bb2 Be7 10.Bd3 a5 11.Bxf5 exf5 12.Nc3 Be6 13.b5 a4 14.O-O Na5 15.Qxa4 O-O
16.Rfc1 g5 17.Ne2 Kh8 18.Ne1 Nc4  1/2-1/2

[Event "Chigorin Mem"]
[Site "St Petersburg RUS"]
[Date "2000.11.04"]
[Round "4"]
[White "Terentiev,V"]
[Black "Alekseev,E"]
[Result "0-1"]
[WhiteElo "2404"]
[BlackElo "2497"]

1.c4 g6 2.g3 Bg7 3.Bg2 c5 4.Nc3 Nc6 5.d3 e6 6.e4 Nge7 7.Nge2 d6 8.O-O O-O
9.Bg5 h6 10.Be3 Nd4 11.Qd2 Kh7 12.Rab1 b6 13.b4 Bb7 14.f4 Qd7 15.Bf2 f5 16.Nxd4 cxd4
17.Ne2 e5 18.Rbe1 Ng8 19.Nc1 Rae8 20.fxe5 dxe5 21.Qe2 Nf6 22.Nb3 h5 23.Nd2 Bh6
24.h3 f4 25.Nf3 Ng8 26.gxf4 Bxf4 27.Kh1 g5 28.Bg1 Nh6 29.Bh2 Qe7 30.Bxf4 Rxf4
31.a3 Ref8 32.Nh2 g4 33.Rxf4 Rxf4 34.Rf1 Bc8 35.hxg4 hxg4 36.Qe1 Qg5 37.Qg3 Ng8
38.c5 Nf6 39.cxb6 Nh5 40.Qe1 axb6 41.Kg1 Ba6 42.b5 Bxb5 43.Qb1 Ba6 44.Qxb6 Bxd3
45.Qb7+ Ng7 46.Rxf4 Qxf4 47.Nf1 Be2 48.Qd7 d3 49.a4 g3 50.Qh3+ Kg6  0-1

[Event "Chigorin Mem"]
[Site "St Petersburg RUS"]
[Date "2000.11.05"]
[Round "5"]
[White "Alekseev,E"]
[Black "Rusanov,M"]
[Result "1/2-1/2"]
[WhiteElo "2497"]
[BlackElo "2405"]

1.e4 e6 2.d3 d5 3.Nd2 Nf6 4.Ngf3 c5 5.g3 g6 6.Bg2 Bg7 7.O-O O-O 8.Re1 Nc6
9.c3 Kh8 10.Qe2 b6 11.Nf1 h6 12.Bf4 d4 13.c4 Nh5 14.Bd2 e5 15.Nh4 Rb8 16.Nf5 Nf6
17.Nxg7 Kxg7 18.f4 b5 19.cxb5 Rxb5 20.b3 Ba6 21.Rec1 Qd6 22.h3 Rb6 23.Rd1  1/2-1/2

[Event "Chigorin Mem"]
[Site "St Petersburg RUS"]
[Date "2000.11.09"]
[Round "8"]
[White "Yuferov,S"]
[Black "Alekseev,E"]
[Result "1-0"]
[WhiteElo "2436"]
[BlackElo "2497"]

1.d4 Nf6 2.c4 g6 3.Nc3 Bg7 4.e4 d6 5.f3 O-O 6.Bg5 c6 7.Qd2 a6 8.Nge2 b5 9.Ng3 Nbd7
10.Rc1 Qa5 11.b3 e5 12.d5 cxd5 13.cxd5 Nc5 14.Nd1 Qd8 15.Nb2 Bd7 16.b4 Na4
17.Nxa4 bxa4 18.Bd3 Qb6 19.Be3 Qb7 20.a3 Rfc8 21.O-O Ne8 22.Ne2 Bf6 23.Nc3 Bd8
24.Qf2 Ng7 25.f4 f5 26.fxe5 dxe5 27.Bc5 a5 28.exf5 gxf5 29.Ne4 Ra6 30.Bxa6 Qxa6
31.Nd6 Rb8 32.Qe3 Bf6 33.Qh6 Rf8 34.b5 Qa8 35.Ne4 fxe4 36.Bxf8  1-0

[Event "Chigorin Mem"]
[Site "St Petersburg RUS"]
[Date "2000.11.10"]
[Round "9"]
[White "Alekseev,E"]
[Black "Guliev,L"]
[Result "1-0"]
[WhiteElo "2497"]
[BlackElo "2379"]

1.e4 c5 2.c3 d5 3.exd5 Qxd5 4.d4 Nf6 5.Nf3 e6 6.Bd3 Be7 7.O-O O-O 8.Be3 cxd4
9.cxd4 Nc6 10.Nc3 Qd8 11.a3 b6 12.Re1 Bb7 13.Bc2 Ba6 14.b4 Bc4 15.Nd2 Bd5
16.Nxd5 Nxd5 17.Nf3 Rc8 18.Qd3 g6 19.Ba4 Bf6 20.Bh6 Bg7 21.Bxg7 Kxg7 22.Rac1 Qd6
23.g3 Rfd8 24.Kg2 Rc7 25.h4 h5 26.Qd2 Rdc8 27.Bb5 Nf6 28.Red1 Ne7 29.Bd3 Ned5
30.Re1 Rc3 31.Ne5 Qc7 32.Ra1 Ng4 33.Nxg4 hxg4 34.Ba6 Qc6 35.Kg1 Rc7 36.Be2 Nf6
37.Qf4 Rd7 38.Bxg4 Rd3 39.Be2 R3xd4 40.Qe3 Qc2 41.Rac1 Qf5 42.Red1 e5 43.Kg2 R7d6
44.Qf3 Qd7 45.Rxd4 exd4 46.Bd3 a5 47.bxa5 bxa5 48.Rc5 Qd8 49.Qf4 Qb6 50.Rb5 Qc6+
51.Qf3 Qc3 52.a4 Re6 53.Rb7 Qe1 54.Qf4 Qc3 55.Qf3 Qc1 56.g4 Qc6 57.g5 Qxf3+
58.Kxf3 Ne8 59.Rb5 Nc7 60.Rxa5 Re1 61.Ra7 Nd5 62.Bc4 Re5 63.a5 Rf5+ 64.Ke4 Nb4
65.Rb7 Nc6 66.a6 Na5 67.Rxf7+ Rxf7 68.Bxf7  1-0

[Event "ch-City"]
[Site "St Petersburg RUS"]
[Date "2001.04.12"]
[Round "3"]
[White "Loginov,Va"]
[Black "Alekseev,E"]
[Result "0-1"]
[WhiteElo "2499"]
[BlackElo "2510"]

1.Nf3 c5 2.g3 Nc6 3.c4 g6 4.Bg2 Bg7 5.Nc3 e6 6.a3 Nge7 7.Rb1 d6 8.b4 b6 9.Bb2 Bb7
10.Ne4 e5 11.bxc5 dxc5 12.d3 O-O 13.O-O Qd7 14.Ne1 f5 15.Nc3 Nd4 16.Bxb7 Qxb7
17.Nc2 Rad8 18.Ne3 f4 19.Ned5 f3 20.e3 Nxd5 21.cxd5 Qd7 22.Kh1 Ne2 23.Nxe2 fxe2
24.Qxe2 Qxd5+ 25.Kg1 Qxd3 26.Qg4 Qf5 27.Qc4+ Qf7 28.Qc2 Rd7 29.a4 Rfd8 30.a5 Rd2
31.Qc3 R8d3 32.Qc1 Qa2 33.axb6 axb6 34.Ra1 Qxb2 35.Qc4+ Kh8 36.Rfb1 Ra3 37.Qf7 h6
38.Rxb2 Rxa1+ 39.Kg2 Rxb2 40.Qxg6 Raa2 41.Kh3 Rxf2 42.Qxb6 c4 43.Qc6 Rac2
44.Kg4 c3 45.h4 e4 46.Qc4 Rcd2 47.Kh5 Rd8 48.g4 Rff8 49.Qa2 Rc8  0-1

[Event "ch-City"]
[Site "St Petersburg RUS"]
[Date "2001.04.13"]
[Round "4"]
[White "Alekseev,E"]
[Black "Ivanov,Se"]
[Result "0-1"]
[WhiteElo "2510"]
[BlackElo "2547"]

1.e4 e6 2.d4 d5 3.e5 c5 4.c3 Qb6 5.Nf3 Nc6 6.a3 Nh6 7.b4 cxd4 8.cxd4 Nf5
9.Bb2 Bd7 10.g4 Nfe7 11.Nc3 Na5 12.Nd2 Rc8 13.Rc1 Ng6 14.Bb5 Nc6 15.Nf3 Be7
16.h4 Ncxe5 17.dxe5 Bxb5 18.h5 Nf8 19.Nxb5 Rxc1 20.Qxc1 Qxb5 21.Qc8+ Bd8
22.Kd2 Nd7 23.Nd4 Qa6 24.b5 Qa5+ 25.Ke2 Nxe5 26.h6 O-O 27.Bc3 Qc7 28.Qxc7 Bxc7
29.hxg7 Rc8 30.Ba1 Bd6 31.g5 Ng6 32.Nf3 Rc2+ 33.Kd3 Rxf2 34.Rc1 Nf4+ 35.Ke3 Re2+  0-1

[Event "ch-City"]
[Site "St Petersburg RUS"]
[Date "2001.04.16"]
[Round "6"]
[White "Alekseev,E"]
[Black "Polaninov,A"]
[Result "1/2-1/2"]
[WhiteElo "2510"]
[BlackElo "2359"]

1.e4 c5 2.Nf3 Nc6 3.d4 cxd4 4.Nxd4 g6 5.c4 Bg7 6.Be3 Nf6 7.Nc3 Ng4 8.Qxg4 Nxd4
9.Qd1 Ne6 10.Rc1 Qa5 11.Qd2 b6 12.Be2 Bb7 13.f3 Rc8 14.O-O g5 15.Rfd1 d6
16.a3 Qe5 17.b4 O-O 18.Nd5 Rfe8 19.Bf1 h6 20.Bf2 Bc6 21.Qe3 Nf4 22.Nc3 Qe6
23.Kh1 Be5 24.g3 Ng6 25.Nd5 Qd7 26.Qe2 e6 27.Ne3 Red8 28.Ng4 Bg7 29.Bd4 Qe7
30.Bg2 Ne5 31.Ne3 Ng6 32.Bxg7 Kxg7 33.Ng4 h5 34.Qb2+ f6 35.Ne3 Qb7 36.Rd4 b5
37.Qd2 Qe7 38.Kg1 bxc4 39.Rdxc4 Bb7 40.Rxc8 Rxc8 41.Rxc8 Bxc8 42.Nc4 d5 43.exd5 exd5
44.Ne3 Qe5 45.Kf2 Be6 46.a4 Qa1 47.a5 d4 48.Nc2 Qb2 49.Ke1 d3 50.Qxd3 Ne5
51.Qe4 Bc4 52.Kd2 Bd3 53.Qb7+ Kh6 54.Qc8 Bxc2 55.Qxc2 Qxb4+ 56.Qc3 Qa4 57.Ke1 Qa2
58.Kf1 Qb1+ 59.Kf2 Qa2+ 60.Kg1 Qb1+ 61.Bf1 Qf5 62.Be2 Qb1+  1/2-1/2

[Event "ch-City"]
[Site "St Petersburg RUS"]
[Date "2001.04.17"]
[Round "7"]
[White "Lugovoi,A"]
[Black "Alekseev,E"]
[Result "1/2-1/2"]
[WhiteElo "2512"]
[BlackElo "2510"]

1.d4 Nf6 2.c4 e6 3.Nc3 Bb4 4.e3 c5 5.Bd3 Nc6 6.Nf3 Bxc3+ 7.bxc3 d6 8.O-O e5
9.Nd2 O-O 10.Rb1 b6 11.h3 Bd7 12.Qc2 exd4 13.cxd4 cxd4 14.Ne4 Nxe4 15.Bxe4 Qh4
16.exd4 Nxd4 17.Qd3 Rae8 18.f3 f5 19.Bd5+ Kh8 20.Be3 Ne6 21.Qa3 Nd4 22.Qxd6 Ne2+
23.Kh2 Nc3 24.Bf2  1/2-1/2

[Event "ch-City"]
[Site "St Petersburg RUS"]
[Date "2001.04.19"]
[Round "9"]
[White "Sivokho,S"]
[Black "Alekseev,E"]
[Result "1/2-1/2"]
[WhiteElo "2476"]
[BlackElo "2510"]

1.e4 c5 2.Nf3 d6 3.Bc4 Nf6 4.e5 dxe5 5.Nxe5 e6 6.Qe2 Be7 7.b3 O-O 8.Bb2 Qc7
9.O-O Nc6 10.f4 Nd4 11.Bxd4 cxd4 12.a4 b6 13.Kh1 Bb7 14.Na3 a6 15.Bd3 g6
16.Nac4 Rad8 17.Ng4 Nd5 18.Qe5 Qxe5 19.fxe5 Rc8 20.Nf6+ Bxf6 21.exf6 Rc7
22.h4 h6 23.Rae1 Rd8 24.Kh2 a5 25.Re5 Ba6 26.Rf3 Rc6 27.Re4 Nb4 28.Rff4 Bxc4
29.bxc4 Rcd6 30.Re5 Na6 31.Rf1 Rc8 32.g4 Rc5 33.Re2 g5 34.Kg3 gxh4+ 35.Kf4 Nb8
36.Re5 Nd7 37.Rxc5 Nxc5 38.Ke5 Rd8 39.Rh1 Nxa4 40.Rxh4 Nc5 41.Rxh6 a4 42.Bh7+ Kf8
43.Be4 Kg8 44.Bh7+ Kf8 45.g5 a3 46.Rh1 Ke8 47.Bd3 b5 48.g6 a2 49.Rh8+ Kd7
50.g7 Rxh8 51.gxh8=Q a1=Q 52.Qg7 Qe1+ 53.Kxd4 Qf2+ 54.Kc3 b4+ 55.Kxb4 Nxd3+
56.cxd3 Qxd2+ 57.Kc5 Qa5+ 58.Kd4 Qa1+ 59.Ke3 Qe1+ 60.Kf3 Qf1+  1/2-1/2

[Event "TCh-RUS"]
[Site "Tomsk RUS"]
[Date "2001.05.13"]
[Round "1"]
[White "Alekseev,E"]
[Black "Ivanov,Se"]
[Result "1/2-1/2"]
[WhiteElo "2510"]
[BlackElo "2547"]

1.e4 e6 2.d4 d5 3.e5 c5 4.c3 Qb6 5.Nf3 Nc6 6.a3 Nh6 7.b4 cxd4 8.cxd4 Nf5
9.Bb2 Bd7 10.g4 Nfe7 11.Nc3 Na5 12.Qc2 Nc4 13.Bxc4 dxc4 14.Nd2 Nd5 15.Nxc4 Qc6
16.Ne4 Nb6 17.Ncd6+ Bxd6 18.Nxd6+ Ke7 19.Qxc6 Bxc6 20.Rg1 Nc8 21.b5 Bd5 22.Rc1 Nxd6
23.Rc7+ Kd8 24.exd6 Rc8 25.Rxc8+ Kxc8 26.Bc3 Kd7 27.Bb4 Rc8 28.Kd2  1/2-1/2

[Event "TCh-RUS"]
[Site "Tomsk RUS"]
[Date "2001.05.16"]
[Round "4"]
[White "Alekseev,E"]
[Black "Balberov,Alex"]
[Result "1-0"]
[WhiteElo "2510"]
[BlackElo "2416"]

1.e4 Nf6 2.e5 Nd5 3.d4 d6 4.Bc4 Nb6 5.Bb3 dxe5 6.Qh5 e6 7.dxe5 Nc6 8.Nf3 Nd4
9.Nbd2 Nxb3 10.axb3 Qd5 11.O-O g6 12.Qh4 Be7 13.Qf4 Bd7 14.Ne4 O-O-O 15.Nc3 Qc5
16.Rxa7 Kb8 17.Be3 Qb4 18.Qxb4 Bxb4 19.Rfa1 h6 20.Nd4 Bxc3 21.bxc3 c5 22.Nf3 Bc6
23.Bxc5 Bxf3 24.gxf3 Kc7 25.Bd6+ Kc6 26.R7a5 Nc8 27.Rc5+ Kb6 28.Rc7 Nxd6
29.exd6 Rhf8 30.Rd1 Rxd6 31.Rxb7+ Kxb7 32.Rxd6 Kc7 33.Rd4 Ra8 34.Ra4 Rd8
35.Ra7+ Kc6 36.Rxf7 Rd2 37.Rf4 Rxc2 38.Rc4+ Kd5 39.Rc8 Kd6 40.b4 Rb2 41.Kg2 g5
42.Rd8+ Kc6 43.Rh8 Rb3 44.Rxh6 Kd6 45.Rg6 Rxc3 46.Rxg5 Rb3 47.Rg4  1-0

[Event "TCh-RUS"]
[Site "Tomsk RUS"]
[Date "2001.05.17"]
[Round "5"]
[White "Nizamov,I"]
[Black "Alekseev,E"]
[Result "0-1"]
[WhiteElo "2405"]
[BlackElo "2510"]

1.c4 c5 2.Nf3 Nc6 3.Nc3 Nd4 4.g3 g6 5.Bg2 Bg7 6.O-O d6 7.Rb1 Nh6 8.b4 O-O
9.bxc5 dxc5 10.Nxd4 cxd4 11.Nd5 e6 12.Nb4 Nf5 13.d3 Ne7 14.Qd2 Re8 15.Rb3 Qc7
16.Ba3 Rb8 17.Rfb1 b6 18.Qb2 Bb7 19.Bxb7 Rxb7 20.Na6 Qc8 21.Nc5 Rc7 22.Ne4 Rd8
23.Bd6 Rcd7 24.Bxe7 Rxe7 25.Qa3 Bf8 26.Rb5 f5 27.Ng5 Rc7 28.Qb3 Bc5 29.Qd1 e5
30.Qf1 Re7 31.a4 e4 32.Nh3 Bd6 33.a5 bxa5 34.Rxa5 Rde8 35.Rd5 Be5 36.Rdb5 Qc7
37.Kg2 exd3 38.exd3 f4 39.Ng5 Rf8 40.f3 fxg3 41.Re1 gxh2 42.Kh1 Bg3 43.Rxe7 Qxe7
44.Ne4 Bf4 45.Qh3 Qa3 46.Nd2 Rf7 47.Rb3 Qa2  0-1

[Event "TCh-RUS"]
[Site "Tomsk RUS"]
[Date "2001.05.21"]
[Round "8"]
[White "Pigusov,E"]
[Black "Alekseev,E"]
[Result "1/2-1/2"]
[WhiteElo "2584"]
[BlackElo "2510"]

1.Nf3 c5 2.c4 Nc6 3.Nc3 Nd4 4.e3 Nxf3+ 5.Qxf3 g6 6.b3 Bg7 7.Bb2 d6 8.g4 Rb8
9.Bg2 Bd7 10.Qe2 a6 11.g5 Qa5 12.Rc1 b5 13.d3 f5 14.Kf1 Kf7 15.h4 h5 16.Qc2 e6
17.Nd1 e5 18.Nc3 Ne7 19.Ba1 Be6 20.Ke2 Rhd8 21.Rhd1 Kg8 22.Rd2 Rf8 23.Bh3 Qc7
24.Qd1 Qd7 25.Qh1 f4 26.Bxe6+ Qxe6 27.Rg1 f3+ 28.Kd1 d5 29.cxd5 Nxd5 30.Rg3 c4
31.dxc4 Nxc3+ 32.Bxc3 bxc4 33.Qh3 Qxh3 34.Rxh3 cxb3 35.axb3 Rfc8 36.Bb2 Rxb3
37.e4 Bf8 38.Rc2 Rd8+ 39.Kc1 a5 40.Rc6 Rd6 41.Rc8 Rbd3 42.Kb1 a4 43.Bxe5 Rd1+
44.Rc1 Rb6+ 45.Kc2 Rxc1+ 46.Kxc1 Rb3 47.Kc2 Bg7 48.Bxg7 Kxg7 49.Rh1 Kf7 50.Rd1 Rb4
51.Rd7+ Ke8 52.Rd3 Rxe4 53.Rxf3 Rxh4 54.Rf6 Rg4 55.Rxg6 Kf7 56.Rf6+ Kg7 57.f4 h4
58.Kb2 h3 59.Rh6 Rg3 60.f5 Rxg5  1/2-1/2

[Event "16th Maccabia GM"]
[Site "Tel Aviv ISR"]
[Date "2001.07.15"]
[Round "1"]
[White "Alekseev,E"]
[Black "Roiz,M"]
[Result "1-0"]
[WhiteElo "2544"]
[BlackElo "2511"]

1.e4 c5 2.Nf3 Nc6 3.d4 cxd4 4.Nxd4 Nf6 5.Nc3 e5 6.Ndb5 d6 7.Bg5 a6 8.Na3 b5
9.Nd5 Be7 10.Bxf6 Bxf6 11.c3 Ne7 12.Nxf6+ gxf6 13.Nc2 Bb7 14.Bd3 d5 15.f3 Qb6
16.Qe2 O-O-O 17.O-O-O Kb8 18.Kb1 Rd6 19.g3 h6 20.Ne3 Rhd8 21.exd5 Nxd5 22.Nf5 R6d7
23.Be4 b4 24.cxb4 Qxb4 25.Ka1 Qa5 26.Rc1 Nb4 27.a3 Rd2 28.Qc4 Nd3 29.Rc2 Nf2
30.Rxd2 Rxd2 31.Bxb7 Nxh1 32.Qc8+ Ka7 33.Be4 Rd5 34.Nd6  1-0